Glimpses of cooperative farming in India (Record no. 371707)

000 -LEADER
fixed length control field 00403cam a22001337a 4500
008 - FIXED-LENGTH DATA ELEMENTS--GENERAL INFORMATION
fixed length control field 180718b1967 xxu||||| |||| 00| 0 eng d
082 ## - DEWEY DECIMAL CLASSIFICATION NUMBER
Classification number Z41x54 L45
100 ## - MAIN ENTRY--PERSONAL NAME
Personal name Laxminarayan, H.
245 ## - TITLE STATEMENT
Title Glimpses of cooperative farming in India
Statement of responsibility, etc. by H. Laxminarayan and Kissen Kanungo
260 ## - PUBLICATION, DISTRIBUTION, ETC.
Place of publication, distribution, etc. Bombay
Name of publisher, distributor, etc. Asia
Date of publication, distribution, etc. 1967
300 ## - PHYSICAL DESCRIPTION
Extent 144p.
650 ## - SUBJECT ADDED ENTRY--TOPICAL TERM
Topical term or geographic name entry element Agriculture, Cooperative --India
700 ## - ADDED ENTRY--PERSONAL NAME
Personal name Kanungo, Kissen
Holdings
Withdrawn status Lost status Damaged status Not for loan Permanent Location Current Location Date acquired Full call number Barcode Date last seen Price effective from Koha item type
        Indian Institute of Public Administration Indian Institute of Public Administration 1994-06-11 Z41x54 L45 40944 2018-07-21 2018-07-21 Book

Powered by Koha